[Event "Chioggia op-B 13th"]
[Site "Chioggia"]
[Date "2018.09.28"]
[Round "1"]
[White "Rizzati, Aldo"]
[Black "Gazzola, Andrea"]
[Result "1-0"]
[WhiteElo "1760"]
[BlackElo "1447"]
[PlyCount "103"]
[EventDate "2018.09.28"]
[EventType "swiss"]
[EventRounds "5"]
[EventCountry "ITA"]
[SourceTitle "EXT 2022"]
[Source "ChessBase"]
[SourceDate "2021.10.06"]
[SourceVersion "1"]
[SourceVersionDate "2021.10.06"]
[SourceQuality "1"]

1. e4 d6 2. d4 Nf6 3. Nc3 e5 4. Nf3 Nbd7 5. Be2 Be7 6. 0-0 0-0 7. h3 b6 8. Be3 Bb7 9. d5 c6 10. dxc6 Bxc6 11. Nd2 Nc5 12. Bf3 Qc7 13. Re1 Rfd8 14. Nd5 Qb7 15. Nxe7+ Qxe7 16. Bg5 h6 17. Bh4 Kh8 18. Qe2 Rg8 19. Rad1 Qb7 20. Bxf6 gxf6 21. Nc4 Rad8 22. Rxd6 Rxd6 23. Nxd6 Qd7 24. Nf5 Ne6 25. Qe3 Nf4 26. Kh2 Rg6 27. g3 Ne6 28. c3 Ng7 29. Nxh6 Kh7 30. Bg4 Qe8 31. Nf5 Bd7 32. Nxg7 Kxg7 33. Bxd7 Qxd7 34. g4 Rh6 35. Kg3 Qc8 36. Rd1 Qh8 37. Kg2 Rg6 38. Rd7 Qa8 39. Qd3 f5 40. f3 fxg4 41. hxg4 Qh8 42. Qd5 Qe8 43. Rxa7 Re6 44. Ra8 Qe7 45. Qd8 Qxd8 46. Rxd8 Re7 47. Rb8 Ra7 48. a3 Ra6 49. Kf2 Kg6 50. Ke3 f6 51. f4 exf4+ 52. Kxf4 1-0

[Event "Treviso op-D 1st"]
[Site "Treviso"]
[Date "2017.03.18"]
[Round "2.15"]
[White "Gazzola, Andrea"]
[Black "Zanchetta, Alessandro"]
[Result "1-0"]
[WhiteElo "1352"]
[BlackElo "1362"]
[PlyCount "73"]
[EventDate "2017.03.17"]
[EventType "swiss"]
[EventRounds "5"]
[EventCountry "ITA"]
[SourceTitle "EXT 2024"]
[Source "ChessBase"]
[SourceDate "2023.10.10"]
[SourceVersion "1"]
[SourceVersionDate "2023.10.10"]
[SourceQuality "1"]

1. d4 Nf6 2. c4 e6 3. Nf3 d5 4. cxd5 exd5 5. Bg5 c6 6. e3 Qa5+ 7. Nbd2 Nbd7 8. a3 Bd6 9. Bd3 0-0 10. 0-0 Qc7 11. e4 dxe4 12. Nxe4 Nd5 13. Nxd6 Qxd6 14. Qc2 h6 15. Bd2 N7f6 16. Bc4 b5 17. Bxd5 Qxd5 18. Bb4 Re8 19. Qc5 Be6 20. Ne5 Qxc5 21. Bxc5 Bd5 22. f3 a5 23. Rfe1 Bb3 24. Nxc6 Nd7 25. Ne5 Nxc5 26. dxc5 Rac8 27. Rac1 f6 28. Nd7 Be6 29. Nb6 Rc6 30. Red1 Bb3 31. Rd6 Re6 32. Rd8+ Kh7 33. Rc8 Rxc8 34. Nxc8 Re2 35. c6 Bd5 36. c7 b4 37. Nd6 1-0